[Event "Lasker Memorial op"]
[Site "Barlinek"]
[Date "2009.??.??"]
[Round "8"]
[White "Orzech, Dominik"]
[Black "Demidowicz, Maria"]
[Result "1-0"]
[WhiteElo "2461"]
[BlackElo "2139"]
[PlyCount "61"]
[EventDate "2009.05.16"]
[EventType "swiss"]
[EventRounds "9"]
[EventCountry "POL"]
[SourceTitle "CBM 130 Extra"]
[Source "ChessBase"]
[SourceDate "2009.07.02"]
[SourceVersion "2"]
[SourceVersionDate "2009.07.15"]
[SourceQuality "1"]

1. d4 Nf6 2. Nf3 g6 3. c4 Bg7 4. g3 0-0 5. Bg2 d6 6. 0-0 Nc6 7. Nc3 Bf5 8. b3 Ne4 9. Bb2 Nxc3 10. Bxc3 Be4 11. Qd2 e5 12. dxe5 Nxe5 13. Nxe5 Bxg2 14. Nxf7 Rxf7 15. Kxg2 Bxc3 16. Qxc3 Qe7 17. Qd3 Qf6 18. Rad1 Re8 19. Rd2 Re5 20. f4 Rh5 21. Qf3 Qe6 22. Kg1 Re7 23. Rf2 c6 24. Rf1 Rh3 25. Rfd1 d5 26. cxd5 cxd5 27. Kg2 Rh5 28. g4 Rh4 29. h3 h5 30. g5 Qf5 31. e3 1-0

[Event "Lasker Memorial op"]
[Site "Barlinek"]
[Date "2009.??.??"]
[Round "5"]
[White "Voloshin, Leonid"]
[Black "Demidowicz, Maria"]
[Result "1-0"]
[WhiteElo "2445"]
[BlackElo "2139"]
[PlyCount "67"]
[EventDate "2009.05.16"]
[EventType "swiss"]
[EventRounds "9"]
[EventCountry "POL"]
[SourceTitle "CBM 130 Extra"]
[Source "ChessBase"]
[SourceDate "2009.07.02"]
[SourceVersion "2"]
[SourceVersionDate "2009.07.15"]
[SourceQuality "1"]

1. e4 e5 2. Nf3 Nc6 3. Bb5 a6 4. Ba4 Nf6 5. d3 b5 6. Bb3 Be7 7. a4 Bb7 8. Nc3 b4 9. Nd5 Nxd5 10. Bxd5 Bf6 11. d4 d6 12. dxe5 dxe5 13. Be3 Qe7 14. 0-0 0-0 15. Re1 h6 16. Qe2 Rfd8 17. a5 Qe8 18. Qc4 Be7 19. Nd2 Rab8 20. Nb3 Bd6 21. Red1 Qd7 22. Rd3 Rf8 23. Rad1 Qe8 24. h3 Kh7 25. Ra1 f5 26. exf5 Rxf5 27. Be4 g6 28. Nc5 Bxc5 29. Qxc5 Qe6 30. Rad1 Rbf8 31. Bxf5 Qxf5 32. Rd7+ Rf7 33. Rxf7+ Qxf7 34. Qd5 1-0

[Event "Krakow op-A 19th"]
[Site "Krakow"]
[Date "2008.12.31"]
[Round "6"]
[White "Pietrzak, Wojciech"]
[Black "Demidowicz, Maria"]
[Result "0-1"]
[WhiteElo "1912"]
[BlackElo "2093"]
[PlyCount "58"]
[EventDate "2008.12.26"]
[EventType "swiss"]
[EventRounds "9"]
[EventCountry "POL"]
[SourceTitle "CBM 128 Extra"]
[Source "ChessBase"]
[SourceDate "2009.03.05"]
[SourceVersion "2"]
[SourceVersionDate "2009.03.25"]
[SourceQuality "1"]

1. e4 c5 2. c3 d5 3. exd5 Qxd5 4. d4 Nf6 5. Nf3 e6 6. Be3 cxd4 7. cxd4 Be7 8. Nc3 Qd8 9. Bd3 0-0 10. 0-0 b6 11. Qe2 Bb7 12. Rac1 Nc6 13. Rfd1 Nb4 14. Bb1 Rc8 15. Bg5 h6 16. Bxf6 Bxf6 17. Ne5 Bg5 18. a3 Nd5 19. Nxd5 Qxd5 20. f4 Rxc1 21. Rxc1 Qxd4+ 22. Kh1 Bxf4 23. Rc7 Bxe5 24. Rxb7 Qf4 25. g3 Qc1+ 26. Kg2 Bd4 27. Qc2 Qg1+ 28. Kh3 Qf1+ 29. Qg2 Qxb1 0-1

[Event "Krakow op-A 19th"]
[Site "Krakow"]
[Date "2008.12.30"]
[Round "5"]
[White "Demidowicz, Maria"]
[Black "Markowski, Piotr"]
[Result "1/2-1/2"]
[WhiteElo "2093"]
[BlackElo "2145"]
[PlyCount "84"]
[EventDate "2008.12.26"]
[EventType "swiss"]
[EventRounds "9"]
[EventCountry "POL"]
[SourceTitle "CBM 128 Extra"]
[Source "ChessBase"]
[SourceDate "2009.03.05"]
[SourceVersion "2"]
[SourceVersionDate "2009.03.25"]
[SourceQuality "1"]

1. e4 c5 2. Nf3 Nc6 3. d4 cxd4 4. Nxd4 Nf6 5. Nc3 e5 6. Ndb5 d6 7. Bg5 a6 8. Na3 b5 9. Nd5 Be7 10. Bxf6 Bxf6 11. c4 b4 12. Nc2 a5 13. g3 0-0 14. h4 Be6 15. Bh3 Nd4 16. Nxd4 exd4 17. Qd3 a4 18. Bxe6 fxe6 19. Nxb4 a3 20. 0-0 Qa5 21. bxa3 Qxa3 22. Qxa3 Rxa3 23. Rac1 Rb8 24. Rb1 Kf7 25. Nc2 Rxb1 26. Nxa3 Rb2 27. Nb5 d3 28. Rd1 d2 29. Kf1 Bd8 30. Nxd6+ Ke7 31. c5 Rc2 32. Ke2 Rxa2 33. Rxd2 Rxd2+ 34. Kxd2 Ba5+ 35. Kd3 Be1 36. e5 Bxf2 37. Ne4 Bg1 38. Kc4 Kd7 39. Kb5 Bd4 40. c6+ Kc8 41. Nd6+ Kb8 42. Nf7 h5 1/2-1/2

[Event "Krakow op-A 19th"]
[Site "Krakow"]
[Date "2008.12.27"]
[Round "1"]
[White "Demidowicz, Maria"]
[Black "Majdan, Joanna"]
[Result "0-1"]
[WhiteElo "2093"]
[BlackElo "2284"]
[PlyCount "76"]
[EventDate "2008.12.26"]
[EventType "swiss"]
[EventRounds "9"]
[EventCountry "POL"]
[SourceTitle "CBM 128 Extra"]
[Source "ChessBase"]
[SourceDate "2009.03.05"]
[SourceVersion "2"]
[SourceVersionDate "2009.03.25"]
[SourceQuality "1"]

1. e4 c5 2. Nf3 Nc6 3. d4 cxd4 4. Nxd4 Qb6 5. Nb3 e6 6. Nc3 a6 7. Bd3 Nf6 8. Qe2 d6 9. Be3 Qc7 10. 0-0-0 Be7 11. f4 b5 12. g4 Nd7 13. g5 Nc5 14. Nxc5 dxc5 15. e5 c4 16. Be4 Bb7 17. Qg2 Rb8 18. Bf3 Na5 19. Ne4 Bxe4 20. Bxe4 c3 21. b3 Nc4 22. Bc6+ Kf8 23. Bd4 Qa5 24. Kb1 Nd2+ 25. Ka1 Ba3 26. Rxd2 cxd2 27. Rd1 Bb4 28. Qf3 Rd8 29. Bb2 g6 30. h4 h5 31. Kb1 Qb6 32. Be4 a5 33. Bd3 Qc5 34. Qe2 a4 35. a3 Bxa3 36. Qxd2 Bxb2 37. Kxb2 axb3 38. cxb3 Ra8 0-1

[Event "EU-ch U18 Girls 18th"]
[Site "Herceg Novi"]
[Date "2008.09.24"]
[Round "9"]
[White "Nemcova, Katerina"]
[Black "Demidowicz, Maria"]
[Result "1-0"]
[WhiteElo "2372"]
[BlackElo "2032"]
[PlyCount "55"]
[EventDate "2008.09.15"]
[EventType "swiss"]
[EventRounds "9"]
[EventCountry "MNE"]
[SourceTitle "CBM 126 Extra"]
[Source "ChessBase"]
[SourceDate "2008.11.05"]
[SourceVersion "1"]
[SourceVersionDate "2008.11.05"]
[SourceQuality "1"]

1. e4 e5 2. Nf3 Nc6 3. Bb5 a6 4. Ba4 Nf6 5. 0-0 b5 6. Bb3 Be7 7. a4 Bb7 8. axb5 axb5 9. Rxa8 Bxa8 10. d4 Nxe4 11. dxe5 0-0 12. Bd5 Nc5 13. Be3 b4 14. Nbd2 Na5 15. Ba2 Na4 16. Qa1 c5 17. Bxf7+ Rxf7 18. Qxa4 Bc6 19. Qa2 Qa8 20. Ra1 Bd8 21. Bxc5 Bd5 22. Qa4 Bxf3 23. Nxf3 Qd5 24. Bxb4 Nc6 25. c3 g5 26. Qd1 Qe4 27. Ra8 Qf5 28. e6 1-0